| 000 | 00829cam a2200265 i 4500 | ||
|---|---|---|---|
| 001 | 5023 | ||
| 003 | BD-RjUL | ||
| 005 | 20211208234009.0 | ||
| 008 | 131224s1979 pk 000 0 eng | ||
| 035 | _a(BD-RjUL)5059 | ||
| 040 |
_aDLC _cDLC _dDLC _beng |
||
| 041 | _aeng | ||
| 082 | 0 | 0 |
_a347.5491066 _bHAL 1979 |
| 100 | 1 |
_aHasan, Masudul. _915813 |
|
| 245 | 1 | 4 |
_aThe law relating to witnesses : _bcivil, criminal, revenue, and labours, etc. / _cby Masud-ul-Hassan. |
| 260 |
_aLahore : _bPakistan Law Book Centre, _c1979. |
||
| 300 |
_axii, 76 p. ; _c25 cm. |
||
| 500 | _aOn cover: By Azhar Ali Shah Bokhari, Masud-ul-Hassan. | ||
| 526 | _bLAW | ||
| 650 | 0 |
_aWitnesses _zPakistan. _915814 |
|
| 700 | 1 |
_aBokhari, Azhar Ali Shah, _ejoint author. _915815 |
|
| 942 |
_2ddc _cBK |
||
| 999 |
_c5023 _d5023 |
||